| 000 | 00685nam a2200229 a 4500 | ||
|---|---|---|---|
| 001 | 4347086 | ||
| 005 | 20171221092123.0 | ||
| 008 | 891103s1990 ohua b 001 0 eng | ||
| 010 | _a 89063853 | ||
| 020 | _a0675211778 (pbk.) | ||
| 040 |
_aDLC _cDLC _dDLC |
||
| 041 | _aeng | ||
| 080 | _a371.1024 ALB | ||
| 082 | 0 | 0 |
_a371.1024 ALB _220 |
| 100 | 1 | _a46 | |
| 101 | _aEDU | ||
| 245 | 1 | 0 |
_aApplied behavior analysis for teachers / _cPaul A. Alberto, Anne C. Troutman. |
| 504 | _aIncludes bibliographical references and indexes. | ||
| 906 |
_a7 _bcbc _corignew _d3 _eopcn _f19 _gy-gencatlg |
||
| 942 |
_2ddc _cBK |
||
| 999 |
_c39297 _d39297 |
||